[Event "Leipzig VfB op 24th"]
[Site "Leipzig"]
[Date "2017.03.23"]
[Round "5"]
[White "Didt, Hartmut"]
[Black "Bomert, Tobias"]
[Result "0-1"]
[WhiteElo "1801"]
[BlackElo "1636"]
[PlyCount "22"]
[EventDate "2017.03.21"]
[EventType "swiss"]
[EventRounds "9"]
[EventCountry "GER"]
[SourceTitle "EXT 2018"]
[Source "ChessBase"]
[SourceDate "2017.10.13"]
[SourceVersion "1"]
[SourceVersionDate "2017.10.13"]
[SourceQuality "1"]

1. e4 c5 2. d4 cxd4 3. c3 dxc3 4. Nxc3 Nc6 5. Nf3 e6 6. Bc4 Nf6 7. 0-0 a6 8. Qe2 Qc7 9. h3 h5 10. Bg5 Ng4 11. Bh4 Nd4 0-1

[Event "Leipzig VfB op 24th"]
[Site "Leipzig"]
[Date "2017.03.22"]
[Round "2"]
[White "Bomert, Tobias"]
[Black "Hoerr, Matthias"]
[Result "0-1"]
[WhiteElo "1636"]
[BlackElo "2203"]
[PlyCount "80"]
[EventDate "2017.03.21"]
[EventType "swiss"]
[EventRounds "9"]
[EventCountry "GER"]
[SourceTitle "EXT 2018"]
[Source "ChessBase"]
[SourceDate "2017.10.13"]
[SourceVersion "1"]
[SourceVersionDate "2017.10.13"]
[SourceQuality "1"]

1. e4 c5 2. Be2 Nc6 3. f4 g6 4. c3 Bg7 5. Nf3 d5 6. d3 d4 7. Bd2 b5 8. 0-0 e6 9. Kh1 Nge7 10. cxd4 cxd4 11. Na3 a6 12. Nc2 0-0 13. Nb4 Bb7 14. Nxc6 Nxc6 15. b4 Qd6 16. Qe1 Rac8 17. Rc1 Rc7 18. Qh4 Rfc8 19. Rc5 Ne7 20. a3 Rxc5 21. bxc5 Qd8 22. f5 Nc6 23. Qh3 exf5 24. exf5 Ne5 25. fxg6 hxg6 26. Ng5 Qd5 27. Bf3 Nxf3 28. Qh7+ Kf8 29. Rxf3 Bf6 30. Bb4 Bc6 31. Ne4 Qb3 32. Qh6+ Bg7 33. Qf4 Re8 34. Nd6 Bxf3 35. gxf3 Re2 36. Qxf7+ Qxf7 37. Nxf7 Kxf7 38. Ba5 Be5 39. Bb6 Rxh2+ 40. Kg1 Rc2 0-1

[Event "Rhein Main op-B 16th"]
[Site "Bad Homburg"]
[Date "2013.06.01"]
[Round "5"]
[White "Bomert, Tobias"]
[Black "Vedder, Matthias"]
[Result "1/2-1/2"]
[WhiteElo "1305"]
[BlackElo "1641"]
[PlyCount "33"]
[EventDate "2013.05.29"]
[EventType "swiss"]
[EventRounds "7"]
[EventCountry "GER"]
[SourceTitle "EXT 2014"]
[Source "ChessBase"]
[SourceDate "2013.11.20"]
[SourceVersion "1"]
[SourceVersionDate "2013.11.20"]
[SourceQuality "1"]

1. d4 Nf6 2. c4 e6 3. Nc3 Bb4 4. Nf3 c5 5. Bg5 h6 6. Bf4 0-0 7. Qc2 Nc6 8. e3 d6 9. dxc5 dxc5 10. a3 Qa5 11. Rc1 Bxc3+ 12. Qxc3 Qxc3+ 13. Rxc3 Rd8 14. Rd3 Rxd3 15. Bxd3 b6 16. 0-0 Bb7 17. h3 1/2-1/2

[Event "Rhein Main op-B 16th"]
[Site "Bad Homburg"]
[Date "2013.05.30"]
[Round "2"]
[White "Koestler, Peter"]
[Black "Bomert, Tobias"]
[Result "1-0"]
[WhiteElo "1919"]
[BlackElo "1305"]
[PlyCount "61"]
[EventDate "2013.05.29"]
[EventType "swiss"]
[EventRounds "7"]
[EventCountry "GER"]
[SourceTitle "EXT 2014"]
[Source "ChessBase"]
[SourceDate "2013.11.20"]
[SourceVersion "1"]
[SourceVersionDate "2013.11.20"]
[SourceQuality "1"]

1. d4 d5 2. Nf3 c6 3. c3 Nf6 4. Bf4 Nbd7 5. e3 Nh5 6. Bg5 h6 7. Bh4 Qb6 8. Qb3 Qxb3 9. axb3 g5 10. Bg3 Nxg3 11. hxg3 Bg7 12. b4 e5 13. Be2 f5 14. b5 c5 15. dxe5 Nxe5 16. b6 a5 17. Na3 Ke7 18. Nb5 Ra6 19. Nc7 Kd6 20. Nxa6 bxa6 21. Rxa5 c4 22. Nd4 Nc6 23. Nxc6 Kxc6 24. Bf3 Kxb6 25. Rxd5 g4 26. Be2 Bb7 27. Rxf5 Bxg2 28. Rhh5 Be4 29. Rf4 Bg6 30. Rd5 Rc8 31. Rd6+ 1-0